Science Quiz

Random Science or Grab Bag Quiz

Multiple Choice Taxonomy: Human Quiz Stats

Quiz Updated Dec 10, 2017

Also try: Human Taxonomy
Challenge
Share
Tweet
Embed
Score 0/7 Timer 03:00
7 Plays Today
Question Answer Wrong Answers
Species (Human) ___Sapiens
97.8%
___Lagopus
0.2%
___Horridus
0.3%
___Didactylus
0.2%
Kingdom (Human) Animalia
97.7%
Fungi
0.5%
Plantae
0.4%
Protista
1.3%
Class (Human) Mammalia
97.5%
Maxillopoda
0.6%
Insecta
0.4%
Cestoda
0.6%
Genus (Human) Homo
97.5%
Ornithorhynchus
0.4%
Tapirus
0.3%
Hydrochoerus
0.4%
Family (Human) Hominidae
96.5%
Ascidiacea
0.6%
Physeteridae
0.6%
Psychrolutidae
0.9%
Order (Human) Primates
89.3%
Cucurbitales
0.7%
Carnivora
7.9%
Lepidoptera
0.9%
Phylum (Human) Chordata
62.7%
Arthropoda
30.5%
Mollusca
2.5%
Bryozoa
3.9%

You're not logged in!

Compare scores with friends on all Sporcle quizzes.
Sign Up with Email
OR
Log In

You Might Also Like...

Show Comments

Extras

Top Quizzes Today


Score Distribution

Your Account Isn't Verified!

In order to create a playlist on Sporcle, you need to verify the email address you used during registration. Go to your Sporcle Settings to finish the process.

Report this User

Report this user for behavior that violates our Community Guidelines.

Details: